000 01420cab a2200229 4500
001 ABS67514
008 040304n2004 000 0 eng u
035 _a(Sirsi) u125343
100 _aThompson, B.
245 _aHome-grown electrons
260 _c2004
490 _aEstates Gazette
_v(0404) 132-133(2)
520 _aDiscusses micropower as a solution to the problems of power shortages and power outages that have occurred in the last year in places such as London and parts of the USA. Micropower is a network of small, decentralised power plants in or near homes and offices that would supply electricity. Describes how a number of different technologies are competing in the microgeneration marketplace; these include microturbines that are refrigerator-sized generators that can operate on a variety of gaseous and liquid fuels. Also there are fuel cells which work by combining hydrogen with oxygen to create electricity and only produce water as a waste product. Argues that micropower represents a business opportunity for landlords as there could be significant benefits to the new technology such as improving the bond between landlord and customers.
590 _aABS
650 _aPOWER SUPPLIES
650 _aMICROPOWER
650 _aNATIONAL GRID
650 _aNEW YORK
650 _aLONDON
690 _aENVIRONMENTAL AND LAND CONSULTANCY-ENERGY-ENERGY USE-ENERGY EFFICIENCY
942 _n0
999 _c74246
_d74246